Simply swedish
Saved in:
| Hovedforfatter: | |
|---|---|
| Format: | Bog |
| Sprog: | engelsk |
| Udgivet: |
Malmö
Kakao Forlag
2007
|
| Udgivelse: | 1a. ed |
| Fag: | |
| Tags: |
Tilføj Tag
Ingen Tags, Vær først til at tagge denne postø!
|
MARC
| LEADER | 00000cam a2200000 a 4500 | ||
|---|---|---|---|
| 001 | UCC1961 | ||
| 003 | CL-VaPUC | ||
| 008 | 171214e20070000sw |||||||||||||||||eng|d | ||
| 020 | |a 9789197619059 | ||
| 082 | 0 | 4 | |a 641.59485 |b SCH |2 21 |
| 100 | 0 | |a Schildt-Landgren, Margareta |e author |9 596073 | |
| 245 | 1 | 0 | |a Simply swedish |
| 250 | |a 1a. ed | ||
| 300 | |a 135 p | ||
| 942 | |c BK | ||
| 945 | |d 20171214 17:05:00 |a dcastane | ||
| 260 | |a Malmö |b Kakao Forlag |c 2007 | ||
| 650 | 0 | |a Cocina |9 328037 | |
| 650 | 0 | |a Gastronomía |9 324668 | |
| 650 | 0 | |a Recetas de cocina |9 334345 | |
| 651 | 0 | |a Suecia |9 268974 | |
| 583 | |a last modification |c 20171214 17:05:00 |k Rodrigo Vera | ||
| 999 | |c 370285 |d 370283 | ||
| 952 | |0 0 |1 2 |3 erd |4 0 |6 641_594850000000000_SCH_2007 |7 0 |8 A |9 486670 |a BIBALI |b BIBALI |i 5442818 |o 641.59485 SCH 2007 |p 5442818 |r 2019-11-24 |w 2019-11-24 |y BK |z Catalogado en:20171214 |k ALI | ||